000 00383 a2200145 4500
005 20250627081649.0
020 _a9780075604778
082 _a657 FUND
245 _aFundamental Accounting Principles
250 _a9th Ed.
260 _aNew York
_bMc Graw Hill,
_c1983
300 _axxviii,555p.:ill., pictures,tables
_bindex
_c27cm.
700 _aLARSON, K.D et al..
942 _2ddc
_cBKS
999 _c5546
_d5546